Normal view
MARC view
- Families
Entry Topical Term
001 - CONTROL NUMBER
- control field: 104737
003 - CONTROL NUMBER IDENTIFIER
- control field: NUST
005 - DATE AND TIME OF LATEST TRANSACTION
- control field: 20221213135709.0
008 - FIXED-LENGTH DATA ELEMENTS
- fixed length control field: 221213|| aca||aabn | a|a d
040 ## - CATALOGING SOURCE
- Original cataloging agency: NUST
- Transcribing agency: NUST
150 ## - HEADING--TOPICAL TERM
- Topical term or geographic name entry element: Families
- Geographic subdivision: United States
670 ## - SOURCE DATA FOUND
- Source citation: Work cat.: (NUST)184649: Keniston, Kenneth. 104735, All our children :, c1977.
